Statistiche per Borghi più belli d'Italia - Nord

Clicka qui per fare il quiz!

Statistiche generali

  • Questo quiz è stato fatto 47 volte
  • Il punteggio medio è 7 su 107

Statistiche sulle risposte

RegioneProvinciaBorgo% Corretto
Valle d'AostaAostaBard
45%
LiguriaSavonaFinalborgo (rione di Finale Ligure)
29%
Emilia-RomagnaPiacenzaBobbio
26%
Emilia-RomagnaPiacenzaCastell'Arquato
26%
PiemonteNovaraOrta San Giulio
26%
PiemonteBiellaRicetto di Candelo (comune di Candelo)
26%
Emilia-RomagnaBolognaDozza
23%
Valle d'AostaAostaEtroubles
19%
PiemonteCuneoGaressio
19%
PiemonteCuneoOstana
19%
Emilia-RomagnaRavennaBrisighella
16%
LombardiaBergamoGromo
16%
PiemonteCuneoNeive
16%
Trentino-Alto AdigeBolzanoEgna
13%
PiemonteAlessandriaGarbagna
13%
Trentino-Alto AdigeTrentoMezzano
13%
Friuli-Venezia GiuliaAgro AquilesePalmanova
13%
LombardiaMantovaSabbioneta
13%
Emilia-RomagnaRiminiSan Leo
13%
PiemonteTorinoUsseaux
13%
LiguriaLa SpeziaVernazza
13%
VenetoPadovaArquà  Petrarca
10%
VenetoTrevisoAsolo
10%
PiemonteCuneoChianale (frazione di Pontechianale)
10%
Friuli-Venezia GiuliaCollio - Alto IsonzoGradisca d'Isonzo
10%
LombardiaBergamoLovere
10%
LiguriaGenovaMoneglia
10%
PiemonteCuneoMonforte d'Alba
10%
Emilia-RomagnaRiminiMontegridolfo
10%
LombardiaCremonaSoncino
10%
LiguriaImperiaTriora
10%
PiemonteVerbano-Cusio-OssolaVogogna
10%
LiguriaSavonaZuccarello
10%
LombardiaBresciaBienno
6%
LiguriaImperiaCervo
6%
Trentino-Alto AdigeBolzanoChiusa
6%
VenetoTrevisoCison di Valmarino
6%
PiemonteAstiCocconato
6%
Friuli-Venezia GiuliaTagliamentoCordovado
6%
Emilia-RomagnaModenaFiumalbo
6%
VenetoTrevisoFollina
6%
LombardiaBresciaGardone Riviera
6%
Emilia-RomagnaReggio nell'EmiliaGualtieri
6%
LiguriaSavonaLaigueglia
6%
VenetoPadovaMontagnana
6%
Emilia-RomagnaRiminiMontefiore Conca
6%
LombardiaMantovaPomponesco
6%
Emilia-RomagnaRiminiSan Giovanni in Marignano
6%
LiguriaImperiaSeborga
6%
Friuli-Venezia GiuliaTagliamentoSesto al Reghena
6%
LiguriaLa SpeziaVarese Ligure
6%
Emilia-RomagnaRiminiVerucchio
6%
Emilia-RomagnaPiacenzaVigoleno (frazione di Vernasca)
6%
LiguriaImperiaApricale
3%
LiguriaGenovaCampo Ligure
3%
LombardiaMilanoCassinetta di Lugagnano
3%
Trentino-Alto AdigeBolzanoCastelrotto
3%
LiguriaSavonaCastelvecchio di Rocca Barbena
3%
PiemonteAlessandriaCella Monte
3%
Friuli-Venezia GiuliaAgro AquileseCervignano del Friuli
3%
Friuli-Venezia GiuliaAgro AquileseClauiano (frazione di Trivignano Udinese)
3%
Emilia-RomagnaParmaCompiano
3%
LiguriaImperiaDiano Castello
3%
Friuli-Venezia GiuliaCollinareFagagna
3%
LombardiaPaviaFortunago
3%
LiguriaImperiaLingueglietta (frazione di Cipressa)
3%
LiguriaSavonaMillesimo
3%
PiemonteAstiMombaldone
3%
LombardiaBresciaMonte Isola
3%
LombardiaMilanoMorimondo
3%
LiguriaSavonaNoli
3%
Friuli-Venezia GiuliaLivenza-Cansiglio-CavalloPolcenigo
3%
VenetoTrevisoPortobuffolè
3%
LombardiaMantovaSan Benedetto Po
3%
Friuli-Venezia GiuliaCarniaSappada
3%
Friuli-Venezia GiuliaValli e Dolomiti FriulaneToppo (frazione di Travesio)
3%
LombardiaBresciaTremosine sul Garda
3%
Friuli-Venezia GiuliaTagliamentoValvasone Arzene
3%
Friuli-Venezia GiuliaGemoneseVenzone
3%
PiemonteAlessandriaVolpedo
3%
LombardiaPaviaZavattarello
3%
Trentino-Alto AdigeTrentoBondone
0%
VenetoVeronaBorghetto (frazione di Valeggio sul Mincio)
0%
LiguriaLa SpeziaBrugnato
0%
Trentino-Alto AdigeTrentoCanale (contrada di Tenno)
0%
LombardiaMantovaCastellaro Lagusello (frazione di Monzambano)
0%
LombardiaCremonaCastelponzone (frazione di Scandolara Ravara)
0%
LiguriaSavonaColletta (frazione di Castelbianco)
0%
LombardiaBergamoCornello dei Tasso (frazione di Camerata Cornello)
0%
LiguriaLa SpeziaFramura
0%
Trentino-Alto AdigeBolzanoGlorenza
0%
LombardiaCremonaGradella (frazione di Pandino)
0%
LombardiaMantovaGrazie (frazione di Curtatone)
0%
VenetoBellunoMel (frazione di Borgo Valbelluna)
0%
LiguriaLa SpeziaMontemarcello (frazione di Ameglia)
0%
LiguriaImperiaPerinaldo
0%
Friuli-Venezia GiuliaValli e Dolomiti FriulanePoffabro (frazione di Frisanco)
0%
Trentino-Alto AdigeTrentoRango (frazione di Bleggio Superiore)
0%
VenetoVeronaSan Giorgio (frazione di Sant'Ambrogio di Valpolicella)
0%
Trentino-Alto AdigeTrentoSan Lorenzo Dorsino
0%
VenetoBellunoSottoguda (frazione di Rocca Pietore)
0%
LiguriaImperiaTaggia
0%
LiguriaLa SpeziaTellaro (frazione di Lerici)
0%
LombardiaComoTremezzina
0%
LiguriaSavonaVerezzi (frazione di Borgio Verezzi)
0%
Trentino-Alto AdigeTrentoVigo di Fassa (frazione di Sèn Jan di Fassa)
0%
Trentino-Alto AdigeBolzanoVipiteno
0%

Distribuzione punteggi

Percentile per numero di risposta

Percentuale di utenti per punteggio

I tuoi punteggi nel tempo

Non hai fatto questo quiz